01817nam a2200253Ia 450000500170000000800410001702000180005805000200007608200220009610000330011824000420015124501150019325000180030826000330032630000630035950000690042250400380049150508800052965000270140965000330143665000310146970000250150070000380152520231102150723.0120622s2008 mx ad 000 0 spa d a9789682476686 aH62bG6318 2008 4a307.2bG613m 20081 aGoode, William Josiaheautor aMethods in Social Researchlespañol10aMétodos de investigación socialc / William J. Goode , Paul K. Hatt ; traducción de Ramón Palazón B. a3a. edición 3aMéxicob : Trillasc, 2008 a483 páginasb : ilustraciones, tablas, graficas, figuras aReimpresiones: 2013 Incluye : Índice analítico (pp. 473-483) aBibliografía en cada capítulo aLa nueva sociología Ciencia: teoría y hecho Valores y ciencia Ciencia pura y ciencia aplicada Elementos fundamentales del método científico : los conceptos Elementos fundamentales del método científico: las hipótesis Planteamiento de la prueba : comprobación de hipostesis Otros problemas del establecimiento del plan para la investigación Utilización de la biblioteca Observación Construcción de cuestionarios El cuestionario por correo La entrevista Probabilidades y muestreo Técnicas de escalamiemto : problema fundamental Técnicas de escalamiemto : escalas de distancia social, sociométricas y de calificación Técnicas de escalamiemto : escalas de categorías, de congruencia interna y escalogramas Investigación demográfica Algunos problemas de los análisis cuantitativos y de casos Análisis de datos Preparación del informe14aINVESTIGACIÓN SOCIAL24aINVESTIGACIÓN CIENTÍFICA24aMETODOLOGÍA CIENTÍFICA1 aHatt, Paul K.eautor1 aPalazón B., Ramón etraductor